000 00296nam a2200133Ia 4500
008 231017s9999 xx 000 0 und d
082 _a363.125093HUG
082 _bHUG
245 0 _aDevelopment of a Highway Safety Manual
245 0 _cTRB
260 _bTRB
300 _c30cm
942 _cREP
999 _c603652
_d603652